| 000 | 02136nam a22003854i 4500 | ||
|---|---|---|---|
| 999 |
_c63691 _d63691 |
||
| 001 | 768714001 | ||
| 003 | CO-MdFUSB | ||
| 005 | 20200414182009.0 | ||
| 007 | cr cn||||||||| | ||
| 008 | 130716t2013 sp gs 000 0 spa d | ||
| 020 |
_a9788498309232 _qelectrónico |
||
| 040 |
_aCO-MdFUSBC _bspa. _cCO-MdFUSB _dCO-MdFUSBC _erda |
||
| 041 | _aspa | ||
| 082 | 0 | 4 |
_a214 _223 |
| 100 |
_aArmendáriz, Luis M. _eautor |
||
| 245 | 1 | 0 |
_a¿Pueden coexistir Dios y el mal? : _buna respuesta cristiana _c/ Luis M.Armendáriz. |
| 260 |
_aBilbao : _bUniversidad de Deusto, _c1998. |
||
| 264 |
_aEspaña : _bUniversidad de Deusto, _c[2013] |
||
| 300 |
_arecurso en línea (45 páginas) _c; |
||
| 336 |
_2rdacontent _atexto _btxt |
||
| 337 |
_2rdamedia _ainformático _bc |
||
| 338 |
_2rdacarrier _aremoto _bcr |
||
| 347 |
_2rda _afichero de texto _bHtml |
||
| 490 | 1 | _aCuadernos de Teología Deusto | |
| 505 | _aEl dónde y el porqué de una pregunta. -- Diversas clases de mal. -- A qué males nos referimos sobre todo. -- El mal en el horizonte de Dios. -- La filosofía no cristiana y el mal. -- El mal como argumento contra Dios . -- ¿Una encrucijada decisiva? -- A favor de Dios. El bien es mayor que el mal. -- Filosofía cristiana y mal. -- La idea bíblica de creación. -- Primeras respuestas cristianas al problema del mal. -- ¿Razones insuficientemente cristianas? -- El mal en la filosofía poscristiana. -- ¿Una explicación científica?. -- En el atrio del misterio. -- Ante Dios mismo. -- La respuesta del Dios creador. -- ¿Y la muerte? -- La respuesta del Dios Padre. -- La respuesta del Dios «todo en todo» -- Entretanto | ||
| 516 | _aTexto electrónico | ||
| 538 | _aAcceso a Internet; requiere usuario y clave asignada por la biblioteca | ||
| 650 | 4 | _aBien y mal. | |
| 650 | 4 | _aPecado. | |
| 830 |
_aCuadernos de Teología Deusto _v19 |
||
| 856 | 4 | 0 |
_uhttp://site.ebrary.com/lib/unisbcsp/Doc?id=10732348 _b10732348 _zAbrir Versión electrónica del libro ¿Pueden coexistir Dios y el mal? : una respuesta cristiana |
| 942 | _cBK | ||
| 945 | _aJTF-925 | ||